000
00452nam a2200169Ia 4500
008
090711s9999 xx 000 0 und d
082
_b
66106
100
_a
मंगेशकर गीता
245
_a
अलौकिक
260
_c
1991
300
_a
248
600
_a
मंगेशकर गीता
630
_a
अलौकिक
700
_a
मंगेशकर गीता
730
_a
अलौकिक
942
_c
BOOK
999
_c
300676
_d
300676